000 01834cam a22005054i 4500
003 PE-LiUPU
005 20250731172926.0
008 170508s1994 miu r 000 0 eng d
020 _a0310916119
020 _a9780310916109
035 _a(Sirsi) a203942
040 _aPE-LiUPU
_bspa
_cPE-LiUPU
_erda
049 _aPRUA
082 0 4 _a220.5208
_bC72
_220
130 _aBible.
_lEnglish.
_sNew International,
_f1994.
245 1 0 _aCouples' devotional Bible :
_bNew International Version.
264 1 _aGrand Rapids, Mich. :
_bZondervan,
_c1994.
300 _ax, 460 páginas ;
_c23 centimetros
336 _atext
_2rdacontent
337 _aunmediated
_2rdamedia
338 _avolume
_2rdacarrier
505 0 _aBiblia para parejas -- Oraciones -- Devociones.
526 _aSEG42
526 _aSEG41
526 _aSEG40
526 _aSEG39
526 _aP94
526 _aP87
526 _aP86
526 _aP85
526 _aP77
526 _aP76
526 _aP35
650 0 _aParejas
_vOraciones y devociones
_xEnglish.
650 0 _aCalendarios devocionales.
650 7 _aParejas.
_2fast
_0(OCoLC)fst00881567
650 7 _aCalendarios devocionales.
_2fast
_0(OCoLC)fst00892010
910 _ajck
_bjvq
_cjck
_d20170508.
942 _2ddc
_cBOOK
949 _a220.5208 C72
_wDEWEY
_c1
_i75658
_lCATALOGING
_mBUL
_p20.00
_r0
_sY
_tBOOK
_u2017-05-08
_xTEOLOGIA
_zPOSGRADO TEOLOGÍA
_0COMPRA
_o.CIRCNOTE. El documento es de alto precio.
_o.STAFF. Colección Teología
994 _aC0
_bPEPRU
596 _a1
999 _a220.5208 C72
_wLC
_c20320
_i75858
_d20320
_e2018-11-18
_f2021-11-9
_g4
_lCCODEBUL1
_mBUL
_n2
_p20.00
_q2
_r0
_sY
_tBOOK
_u2017-5-9
_xTEOLOGIA
_PP85
_0DONACION
_o.STAFF. Colección Teología
980 _81
_gALBERTO SANCHEZ Responsable de Automatización